LEADER 01087nam--2200373---450- 001 990001564500203316 005 20060131090750.0 035 $a000156450 035 $aUSA01000156450 035 $a(ALEPH)000156450USA01 035 $a000156450 100 $a20040414d1984----km-y0itay0103----ba 101 $aita 102 $aIT 105 $aa|||||||001yy 200 1 $aCapolavori della pittura antica$fFondazione Magnani Rocca$ga cura di Vittorio Sgarbi 210 $aMilano$cMondadori$d1984 215 $a183 p.$cill.$d27 cm 410 0$12001 454 1$12001 461 1$1001-------$12001 606 0 $aPittura$xSec. 11. - 18.$yEsposizioni$z1984 676 $a759.01 702 1$aSGARBI,$bVittorio 710 02$aFondazione Magnani-Rocca$0514153 801 0$aIT$bsalbc$gISBD 912 $a990001564500203316 951 $aXII.2.A. 302(VII P 29)$b11955 L.M.$cVII P 959 $aBK 969 $aUMA 979 $aSIAV2$b10$c20040414$lUSA01$h1546 979 $aCOPAT6$b90$c20060131$lUSA01$h0907 996 $aCapolavori della pittura antica$9937615 997 $aUNISA LEADER 01811nam0-22004931i-450 001 990004772620403321 005 20211018114308.0 035 $a000477262 035 $aFED01000477262 035 $a(Aleph)000477262FED01 035 $a000477262 100 $a19990604g18559999km-y0itay50------ba 101 0 $agrc 105 $ay-------001yy 200 1 $aLustspiele$fAristophanes$gverdeutscht von Johannes Minckwitz 210 $aStuttgart$cHoffmann$d1855-. 215 $a11 v.$d19 cm 300 $aManca il v. 3 (?). - Si possiedono altri esemplaari dei v. 4-6 rispettivamente con collocazione V A 9, (4bis)(5 bis)(6 bis). - 327 0 $a8.: Die Weibervolksversammlung$a11.: Die frösche$a1.: Der Vogelstaat. - 1855$a10.: Die Wespen$a2.: Daas friedensfest. - 1856$a9.: Die frauen am Thesmophorienfeste$a4.: Lysistrate. - 1865$a7.: Die Achaarner$a6.: Die Ritter$a5.: Der Plutos. - 1865 500 10$aComoediae$921533 610 0 $aCommedia greca classica$aAristofane 676 $a882.01 700 0$aAristophanes$f$0160835 702 1$aMinckwitz,$bJohannes$f<1812-1885> 801 0$aIT$bUNINA$gRICA$2UNIMARC 901 $aBK 912 $a990004772620403321 952 $aV A 9(1)$bR. Bibl. 5685$fFLFBC 952 $aV A 9(2)$bS.I.$fFLFBC 952 $aV A 9(3)$bS.I.$fFLFBC 952 $aV A 9(4)$bS.I.$fFLFBC 952 $aV A 9(4 BIS)$bS.I.$fFLFBC 952 $aV A 9(5)$bS.I.$fFLFBC 952 $aV A 9(5 BIS)$bS.I.$fFLFBC 952 $aV A 9(6)$bS.I.$fFLFBC 952 $aV A 9(7)$bS.I.$fFLFBC 952 $aV A 9(8)$bS.I.$fFLFBC 952 $aV A 9(9)$bS.I.$fFLFBC 952 $aV A 9 (10)$bS.I.$fFLFBC 952 $aV A 9(11)$bS.I.$fFLFBC 952 $aV A 9 (6 bis)$fFLFBC 959 $aFLFBC 996 $aComoediae$921533 997 $aUNINA LEADER 00858cam0-22003251i-450 001 990005333280403321 005 20211018121531.0 035 $a000533328 035 $aFED01000533328 035 $a(Aleph)000533328FED01 035 $a000533328 100 $a19990604d1891----km-y0itay50------ba 101 0 $aita 102 $aIT 105 $aaf------001yy 200 1 $aNumismatica$fSolone Ambrosoli 210 $aMilano$cUlrico Hoelpi$d1891 215 $aXV, 24 p., 4 tav.$cill.$d15 cm 225 1 $aManuali Hoepli 610 0 $aNumismatica 676 $a737.4$v21$zita 700 1$aAmbrosoli,$bSolone$0397890 801 0$aIT$bUNINA$gRICA$2UNIMARC 901 $aBK 912 $a990005333280403321 952 $a737.4 AMB 1$bARCH. 13673$fFLFBC 952 $aX A 45$bS.I.$fFLFBC 959 $aFLFBC 996 $aNumismatica$9599534 997 $aUNINA